|
|
|
|
| LEADER |
01426nam a2200397 a 4500 |
| 001 |
EBC592985 |
| 003 |
MiAaPQ |
| 005 |
20200520144314.0 |
| 006 |
m o d | |
| 007 |
cr cn||||||||| |
| 008 |
110301r20101992enk sb 001 0 eng d |
| 020 |
|
|
|z 9780415602433
|
| 020 |
|
|
|z 0203835557 (master e-book)
|
| 020 |
|
|
|a 9780203835555 (electronic bk.)
|
| 035 |
|
|
|a (MiAaPQ)EBC592985
|
| 035 |
|
|
|a (Au-PeEL)EBL592985
|
| 035 |
|
|
|a (CaPaEBR)ebr10442764
|
| 035 |
|
|
|a (CaONFJC)MIL324215
|
| 035 |
|
|
|a (OCoLC)695933519
|
| 040 |
|
|
|a MiAaPQ
|c MiAaPQ
|d MiAaPQ
|
| 050 |
|
4 |
|a HB99.3
|b .H63 2010
|
| 100 |
1 |
|
|a Hobson, J. A.
|
| 245 |
1 |
0 |
|a Work and wealth
|h [electronic resource] :
|b a human valuation /
|c J.A. Hobson.
|
| 260 |
|
|
|a Abingdon, Oxon :
|b Routledge,
|c 2010.
|
| 300 |
|
|
|a xxiv, 229 p.
|
| 490 |
1 |
|
|a Routledge revivals
|
| 500 |
|
|
|a Reprint. Originally published: London : Routledge/Thoemmes Press, 1992.
|
| 504 |
|
|
|a Includes bibliographical references and index.
|
| 533 |
|
|
|a Electronic reproduction. Ann Arbor, MI : ProQuest, 2015. Available via World Wide Web. Access may be limited to ProQuest affiliated libraries.
|
| 650 |
|
0 |
|a Welfare economics.
|
| 650 |
|
0 |
|a Industries.
|
| 650 |
|
0 |
|a Social problems.
|
| 655 |
|
4 |
|a Electronic books.
|
| 710 |
2 |
|
|a ProQuest (Firm)
|
| 830 |
|
0 |
|a Routledge revivals.
|
| 856 |
4 |
0 |
|u https://ebookcentral.proquest.com/lib/matrademy/detail.action?docID=592985
|z Click to View
|